000 00878nam a2200229Ii 4500
003 JO-AjNU
008 230605s9999||||xx |||||||||||||| ||und||
017 _a2008/3/875
020 _a978-9957-24-361-6
040 _aJO-AjNU
_bara
_erda
_cJO-AjNU
041 _aara
050 1 4 _aBF637.C6.K42.2009
100 3 _aالخالدي،عطا الله فؤاد,
_eauthor
_931576
245 0 0 _aعلم النفس الإرشادي :الدليل في الإرشاد الجمعي (تطبيقات عملية)
250 _aط1
264 3 1 _aعمان:دار صفاء للنشر والتوزيع ،2009
300 _a208ص
336 _atext
_btxt
_2rdacontent
337 _aunmediated
_bn
_2rdamedia
338 _avolume
_bnc
_2rdacarrier
650 4 _aالتوجيه والارشاد-التربية-التعلم-علم النفس التربوي-الارشاد الاجتماعي
_931577
999 _aA12644
_c16212
_d16212